Loading...
| Social Science | 0 | 4 | 0 | 0 | 40 | 77 | 87.25 | 0 | 3 | 6.99 | 22.50 |
| Philosophy | 0 | 2 | 0 | 0 | 20 | 99 | 106.50 | 0 | 1 | 2.51 | 14.32 |
| History - American | 0 | 1 | 0 | 0 | 10 | 91 | 91.00 | 0 | 1 | 2.47 | 8.18 |
| History - European | 0 | 1 | 0 | 1 | 10 | 128 | 128.00 | 0 | 0 | 0.00 | 0.91 |
| History - Other | 0 | 1 | 0 | 0 | 10 | 122 | 122.00 | 0 | 0 | 0.00 | 1.14 |
| Fine Arts - Classical Music | 0 | 1 | 0 | 0 | 10 | 112 | 112.00 | 0 | 0 | 0.00 | 0.91 |
| Geography | 0 | 1 | 0 | 0 | 10 | 115 | 115.00 | 0 | 0 | 3.62 | 8.33 |
| Religion | 0 | 1 | 0 | 0 | 10 | 59 | 59.00 | 1 | 1 | 5.09 | 9.09 |
| Science - Biology | 0 | 1 | 0 | 0 | 10 | 108 | 108.00 | 0 | 0 | 1.30 | 3.64 |
| Science - Chemistry | 0 | 1 | 0 | 0 | 10 | 103 | 103.00 | 0 | 0 | 1.09 | 4.55 |
| History - World | 0 | 1 | 1 | 0 | 5 | 80 | 80.00 | 0 | 0 | 2.87 | 6.82 |
| Science - Physics | 0 | 1 | 1 | 0 | 5 | 110 | 110.00 | 0 | 0 | 0.00 | 1.82 |
| Other Academic | 0 | 0 | 1 | 0 | -5 | 0.00 | 0 | 0 | 0.00 | 0.00 |